Central Library OPAC University of Rajshahi

Commercial bank management / (Record no. 43527)

MARC details
000 -LEADER
fixed length control field 00738nam a2200229 a 4500
001 - CONTROL NUMBER
control field 43527
003 - CONTROL NUMBER IDENTIFIER
rucl marc code BD-RjUL
005 - DATE AND TIME OF LATEST TRANSACTION
control field 20211209053718.0
008 - FIXED-LENGTH DATA ELEMENTS--GENERAL INFORMATION
fixed length control field 160622s19641963nyua b 001 0 eng
035 ## - SYSTEM CONTROL NUMBER
System control number (BD-RjUL) 43645
040 ## - CATALOGING SOURCE
Original cataloging agency DLC
Transcribing agency WSU
Modifying agency OCL
-- UKM
-- EQO
-- BD-RjUL
Language of cataloging eng
041 ## - LANGUAGE CODE
Language code of text/sound track or separate title eng
082 ## - DEWEY DECIMAL CLASSIFICATION NUMBER
Classification number 332.17
Edition number 23
Author mark and year REC 1964
100 1# - MAIN ENTRY--PERSONAL NAME
Personal name Reed, Edward Wilson,
Dates associated with a name 1913-
9 (RLIN) 133711
245 10 - TITLE STATEMENT
Title Commercial bank management /
Statement of responsibility, etc. Edward Wilson,Reed
250 ## - EDITION STATEMENT
Edition statement Harper International Student Reprint ed.
260 ## - PUBLICATION, DISTRIBUTION, ETC. (IMPRINT)
Place of publication, distribution, etc. New York ;
-- Tokyo:
Name of publisher, distributor, etc. Harper & Row,
Date of publication, distribution, etc. 1963 [reprinted 1964]
300 ## - PHYSICAL DESCRIPTION
Pagination 555 p. :
Illustrations ill. ;
Size 24 cm.
504 ## - BIBLIOGRAPHY, ETC. NOTE
Bibliography, etc Includes bibliography & index.
650 #0 - SUBJECT ADDED ENTRY--TOPICAL TERM
Topical term or geographic name as entry element Banks and banking
Geographic subdivision United States.
9 (RLIN) 133712
942 ## - ADDED ENTRY ELEMENTS (KOHA)
Source of classification or shelving scheme Dewey Decimal Classification
Koha item type Books
Holdings
Lost status Source of classification or shelving scheme Damaged status Not for loan Collection code Permanent Location Current Location Shelving location Date acquired Source of acquisition Cost, normal purchase price Total Checkouts Full call number Date last seen Copy number Koha item type Date checked out
  Dewey Decimal Classification     Non-fiction Central Library, University of Rajshahi Central Library, University of Rajshahi   24/10/1964 Zitlenger 56.00   332.17 REC 1964 22/06/2016 C-2 Books  
  Dewey Decimal Classification     Non-fiction Central Library, University of Rajshahi Central Library, University of Rajshahi   24/10/1964 Zitlenger 56.00   332.17 REC 1964 22/06/2016 C-3 Books  
  Dewey Decimal Classification     Non-fiction Central Library, University of Rajshahi Central Library, University of Rajshahi   24/10/1964 Zitlenger 56.00   332.17 REC 1964 22/06/2016 C-4 Books  
  Dewey Decimal Classification     Non-fiction Central Library, University of Rajshahi Central Library, University of Rajshahi   24/10/1964 Zitlenger 56.00   332.17 REC 1964 22/06/2016 C-5 Books  
  Dewey Decimal Classification     Non-fiction Central Library, University of Rajshahi Central Library, University of Rajshahi   24/10/1964 Zitlenger 56.00   332.17 REC 1964 22/06/2016 C-6 Books  
  Dewey Decimal Classification     Non-fiction Central Library, University of Rajshahi Central Library, University of Rajshahi   24/10/1964 Zitlenger 56.00   332.17 REC 1964 22/06/2016 C-7 Books  
  Dewey Decimal Classification     Non-fiction Central Library, University of Rajshahi Central Library, University of Rajshahi   24/10/1964 Zitlenger 56.00   332.17 REC 1964 22/06/2016 C-8 Books  
  Dewey Decimal Classification     Non-fiction Central Library, University of Rajshahi Central Library, University of Rajshahi   24/10/1964 Zitlenger 56.00   332.17 REC 1964 22/06/2016 C-9 Books  
  Dewey Decimal Classification     Non-fiction Central Library, University of Rajshahi Central Library, University of Rajshahi   24/10/1964 Zitlenger 56.00 1 332.17 REC 1964 20/09/2016 C-10 Books 22/08/2016
  Dewey Decimal Classification   Not For Loan Non-fiction Central Library, University of Rajshahi Central Library, University of Rajshahi Reading Room 24/10/1964 Zitlenger 56.00   332.17 REC 1964 22/06/2016 C-1 Books